1272 1033 1807 1568 1239 1036 1593 1566 1295 1077 1444 1966 1470 1118 1210 1468 1586 1328 1675 1192 1313 1977 1846 1582 1721 1947 1810 1219 1041 1936 1733 1734 1906 1712 1959 1495 1132 1177 1014 1119 1418 1901 1978 1508 1457 1271 1849 1508 1067 1335 1123 1297 1302 1234 1233 1052 1419 1880 1073 1416 1832 1721 1692 1434 1448 1785 1600 1828 1556 1219 1416 1441 1225 1231 1708 1830 1333 1220 1779 1784 1424 1799 1649 1926 1689 1995 1417 1940 1755 1942 1818 1002 1322 1175 1877 1328 1527 1325 1754 BCNSPRNW ULIB Ver.6.0+V

เปลี่ยนเป็นภาษาไทย

Change to English
 แสดงรายละเอียดบรรณานุกรม
  กลับหน้าหลัก

Brief Record : Get Marc (ISO 2709) : E-mail record : QR code < ปิดหน้าต่าง
LEADER : 00000nam 2200000uu 4500
001    13399128255
003     ULIB
008    220826s2564||||th 000 0 tha d
020    ^a9786160042241
050    ^aนว.^bณ429ท
100  0 ^aณารา
245  1 ^aทัณฑ์รักพยาบาท /^cณารา
250    ^aพิมพ์ครั้งที่ 1
260    ^aกรุงเทพฯ :^bพิมพ์คำ,^c2564
300    ^a479 หน้า
650    ^aนวนิยายไทย
945    ^p330^l0^i29450
999    ^aกัณชพร จุลอักษร
รายการนี้ยังไม่มีแท็ก
คุณยังไม่ได้ล็อกอิน คุณสามารถมีกิจกรรมร่วมกับเว็บไซต์ได้ แต่ต้องล็อกอินก่อน ::
  ล็อกอิน

รายการสื่อสารสนเทศ

ลำดับที่ ประเภท เลขเรียก/บาร์โค้ด สถานที่ สถานะ
1. วิทยาศาสตร์การแพทย์ และสุขภาพ
วิทยาศาสตร์การแพทย์ และสุขภาพ
นว. ณ429ท ฉ.1 
  Barcode: 29450
ห้องสมุดวิทยาเขตนครสวรรค์
►นวนิยาย:l:Fiction
บนชั้น

รายการใกล้เคียง
    ผู้แต่ง [ณารา]

    หัวเรื่อง [นวนิยายไทย]

BibComment


ยังไม่เคยถูกคอมเมนท์

คอมเมนท์ทรัพยากรรายการนี้
  คอมเมนท์: ทัณฑ์รักพยาบาท ..


 Copyright 2026. Bcnsprnw @Library